[Event "Guia-Vecindario m"]
[Site "Las Palmas"]
[Date "2022.02.05"]
[Round "2.3"]
[White "Diaz Suarez, Cayetano"]
[Black "Navarro Guerra del Rio, Cristian"]
[Result "0-1"]
[WhiteElo "1902"]
[BlackElo "1815"]
[PlyCount "64"]
[EventDate "2022.01.29"]
[EventType "team-match"]
[EventRounds "2"]
[EventCountry "ESP"]
[SourceTitle "EXT 2024"]
[Source "ChessBase"]
[SourceDate "2023.10.10"]
[SourceVersion "1"]
[SourceVersionDate "2023.10.10"]
[SourceQuality "1"]
[WhiteTeam "Guia"]
[BlackTeam "La Caja de Vecindario"]
[WhiteTeamCountry "ESP"]
[BlackTeamCountry "ESP"]

1. e4 c5 2. Nf3 Nf6 3. e5 Nd5 4. Nc3 Nxc3 5. dxc3 g6 6. Bf4 Qb6 7. Rb1 Bg7 8. Bc4 0-0 9. 0-0 Nc6 10. Re1 Na5 11. Bd5 e6 12. Be4 f5 13. Bd3 Qc6 14. Qe2 c4 15. Nd4 Qd5 16. b3 cxd3 17. cxd3 b6 18. Nf3 Nb7 19. c4 Qc6 20. b4 Nd8 21. Nd4 Qa4 22. Qd2 Nf7 23. h4 d6 24. b5 Bxe5 25. Bxe5 Nxe5 26. Rb4 Qa3 27. Rxe5 dxe5 28. Nc6 a5 29. bxa6 Rxa6 30. Qh6 Rf7 31. c5 bxc5 32. Rb8 Rxc6 0-1

[Event "Las Palmas Insular-chT Segunda 1718"]
[Site "Las Palmas"]
[Date "2018.01.13"]
[Round "5.2"]
[White "Reyes Molina, Juan Pedro"]
[Black "Navarro Guerra del Rio, Cristian"]
[Result "1-0"]
[WhiteElo "1550"]
[BlackElo "1857"]
[PlyCount "93"]
[EventDate "2017.10.28"]
[EventType "team-swiss"]
[EventRounds "9"]
[EventCountry "ESP"]
[SourceTitle "EXT 2019"]
[Source "ChessBase"]
[SourceDate "2018.10.10"]
[SourceVersion "1"]
[SourceVersionDate "2018.10.10"]
[SourceQuality "1"]
[WhiteTeam "Sociedad La Montana III"]
[BlackTeam "Hotel Avda de Canarias II"]
[WhiteTeamCountry "ESP"]
[BlackTeamCountry "ESP"]

1. d4 Nf6 2. c4 g6 3. Nc3 d5 4. cxd5 Nxd5 5. Bd2 Bg7 6. e4 Nb6 7. Be3 Nc6 8. Bb5 0-0 9. Bxc6 bxc6 10. Nge2 Rb8 11. Rb1 f5 12. 0-0 fxe4 13. b3 Nd5 14. Nxd5 cxd5 15. Qd2 Ba6 16. Rbc1 e5 17. Rfe1 Kh8 18. dxe5 Bxe2 19. Rxe2 Bxe5 20. Bd4 Qf6 21. Bxa7 Rbd8 22. Be3 Qh4 23. g3 Qg4 24. Bd4 Qe6 25. Rxc7 Kg8 26. Qh6 Rf7 27. Rxf7 Kxf7 28. Qxh7+ Ke8 29. Bxe5 Qxe5 30. Qxg6+ Ke7 31. Qc6 Rd6 32. Qc2 Qf6 33. h4 Rc6 34. Qb2 Qf3 35. Qe5+ Re6 36. Qg5+ Ke8 37. Qe3 Qf6 38. Rd2 Rd6 39. h5 Qa1+ 40. Kg2 Qf6 41. h6 Qg6 42. a4 Qh7 43. Qf4 Kd7 44. Qg4+ Ke8 45. Qg7 Qf5 46. h7 Qf3+ 47. Kg1 1-0

[Event "Las Palmas Insular-chT Pref-A"]
[Site "Las Palmas"]
[Date "2015.12.12"]
[Round "6.1"]
[White "Navarro Guerra del Rio, Cristian"]
[Black "Garcia Van Isschot, Carlos"]
[Result "1-0"]
[WhiteElo "1891"]
[BlackElo "1641"]
[PlyCount "30"]
[EventDate "2015.10.17"]
[EventType "team-tourn"]
[EventRounds "14"]
[EventCountry "ESP"]
[SourceTitle "CBM 170 Extra"]
[Source "ChessBase"]
[SourceDate "2016.02.25"]
[SourceVersion "1"]
[SourceVersionDate "2016.02.25"]
[SourceQuality "1"]
[WhiteTeam "Hotel Avda de Canarias III"]
[BlackTeam "Anand II"]
[WhiteTeamCountry "ESP"]
[BlackTeamCountry "ESP"]

1. g3 c6 2. Bg2 d6 3. d4 e5 4. dxe5 dxe5 5. Qxd8+ Kxd8 6. Nf3 f6 7. 0-0 Bc5 8. Nc3 Bf5 9. Na4 Bb4 10. a3 Bf8 11. c4 Nd7 12. Be3 Kc7 13. b4 Ne7 14. Rac1 Nc8 15. Rfd1 Bc2 1-0

[Event "Las Palmas Insular-chT Primera-B"]
[Site "Las Palmas"]
[Date "2014.02.01"]
[Round "8.2"]
[White "Ramirez Maillo, Juan Adonay"]
[Black "Navarro Guerra del Rio, Cristian"]
[Result "1/2-1/2"]
[WhiteElo "1663"]
[BlackElo "1880"]
[PlyCount "132"]
[EventDate "2013.11.09"]
[EventType "team-tourn"]
[EventRounds "14"]
[EventCountry "ESP"]
[SourceTitle "EXT 2015"]
[Source "ChessBase"]
[SourceDate "2014.11.20"]
[SourceVersion "1"]
[SourceVersionDate "2014.11.20"]
[SourceQuality "1"]
[WhiteTeam "Panaderia Pulido San Mateo "]
[BlackTeam "La Caja de Vecindario"]
[WhiteTeamCountry "ESP"]
[BlackTeamCountry "ESP"]

1. e4 c5 2. c3 e6 3. Nf3 d5 4. exd5 exd5 5. Bb5+ Bd7 6. Bxd7+ Qxd7 7. d4 Nf6 8. 0-0 Bd6 9. Re1+ Ne4 10. Ng5 0-0 11. Nxe4 dxe4 12. Rxe4 Qf5 13. Re1 Nc6 14. dxc5 Bxc5 15. Be3 Rad8 16. Qb3 Bd6 17. Nd2 Bb8 18. Qxb7 Rd6 19. Nf3 Qg4 20. h3 Qh5 21. Bf4 Rg6 22. Bxb8 Qxf3 23. Bg3 Qf5 24. Rad1 Qc5 25. Qc7 Qb5 26. Bd6 Rd8 27. c4 Qb6 28. Qxb6 axb6 29. Bc7 Ra8 30. Bxb6 Nb4 31. Rd8+ Rxd8 32. Bxd8 h5 33. a3 Nd3 34. Rb1 Nf4 35. g3 Nxh3+ 36. Kg2 Nf4+ 37. Kf3 Ne6 38. Be7 Nd4+ 39. Ke4 Nc6 40. Bc5 Na5 41. Kd3 Rg4 42. b3 h4 43. gxh4 Rxh4 44. Bb6 Rh3+ 45. Kc2 Nc6 46. a4 Nb4+ 47. Kd2 f5 48. a5 Kf7 49. Be3 Ke6 50. Kc3 Nc6 51. Kd2 Nxa5 52. f4 Rh2+ 53. Kd3 Rh3 54. c5 g5 55. fxg5 f4 56. b4 Rxe3+ 57. Kc2 Nc6 58. b5 Nb8 59. c6 Kd6 60. Rd1+ Kc7 61. Rf1 Rg3 62. Rxf4 Nxc6 63. bxc6 Rxg5 64. Rc4 Rg6 65. Kb3 Rxc6 66. Rxc6+ Kxc6 1/2-1/2

[Event "Las Palmas Insular-chT Primera-B"]
[Site "Las Palmas"]
[Date "2014.01.25"]
[Round "7.3"]
[White "Navarro Guerra del Rio, Cristian"]
[Black "Manchon Santana, Alberto"]
[Result "1-0"]
[WhiteElo "1880"]
[BlackElo "1580"]
[PlyCount "61"]
[EventDate "2013.11.09"]
[EventType "team-tourn"]
[EventRounds "14"]
[EventCountry "ESP"]
[SourceTitle "EXT 2015"]
[Source "ChessBase"]
[SourceDate "2014.11.20"]
[SourceVersion "1"]
[SourceVersionDate "2014.11.20"]
[SourceQuality "1"]
[WhiteTeam "La Caja de Vecindario"]
[BlackTeam "La Caja de Canarias "]
[WhiteTeamCountry "ESP"]
[BlackTeamCountry "ESP"]

1. d4 Nf6 2. c4 e6 3. Nf3 Bb4+ 4. Bd2 Qe7 5. g3 b6 6. Bg2 Bb7 7. 0-0 0-0 8. Bg5 Qd8 9. c5 bxc5 10. a3 Ba5 11. dxc5 c6 12. b4 Bc7 13. Nc3 h6 14. Bc1 a5 15. Bb2 Qc8 16. Qd4 Bd8 17. Ne4 Qc7 18. Nd6 Ba6 19. Rfe1 Be7 20. Ne5 Bxd6 21. cxd6 Qa7 22. Qc3 Bb7 23. Ng4 e5 24. Nxh6+ gxh6 25. Qxe5 Qxf2+ 26. Kh1 Re8 27. Qc3 axb4 28. Qxb4 Na6 29. Qh4 Rxe2 30. Rxe2 Qxe2 31. Qxf6 1-0

[Event "Las Palmas Insular-chT Primera-B"]
[Site "Las Palmas"]
[Date "2014.01.18"]
[Round "6.2"]
[White "Navarro Guerra del Rio, Cristian"]
[Black "Mikoleizig, Egenhard"]
[Result "1/2-1/2"]
[WhiteElo "1880"]
[BlackElo "2145"]
[PlyCount "118"]
[EventDate "2013.11.09"]
[EventType "team-tourn"]
[EventRounds "14"]
[EventCountry "ESP"]
[SourceTitle "EXT 2015"]
[Source "ChessBase"]
[SourceDate "2014.11.20"]
[SourceVersion "1"]
[SourceVersionDate "2014.11.20"]
[SourceQuality "1"]
[WhiteTeam "La Caja de Vecindario"]
[BlackTeam "Maspalomas"]
[WhiteTeamCountry "ESP"]
[BlackTeamCountry "ESP"]

1. d4 d5 2. c4 c6 3. e3 Nf6 4. Nc3 a6 5. Nf3 e6 6. Bd3 Be7 7. 0-0 Nbd7 8. a4 0-0 9. c5 Re8 10. b4 Qc7 11. e4 dxe4 12. Nxe4 Nxe4 13. Bxe4 Bf6 14. Bg5 Bxg5 15. Nxg5 Nf6 16. Qd3 h6 17. Nf3 Nd5 18. Qb3 Bd7 19. Ne5 Red8 20. g4 Be8 21. f4 f6 22. Nd3 Bf7 23. Qb2 Ne3 24. Rf3 Nxg4 25. h3 f5 26. Bxf5 exf5 27. hxg4 fxg4 28. Rg3 Qd7 29. Ne5 Qxd4+ 30. Qxd4 Rxd4 31. Nxg4 Kf8 32. f5 Bh5 33. Ne3 Rxb4 34. Rf1 Re8 35. f6 g6 36. Ng2 g5 37. Rh3 Be2 38. Rf2 h5 39. Ne3 Bg4 40. Rg3 Rb3 41. Nf5 Re1+ 42. Rf1 Rxf1+ 43. Kxf1 Bxf5 44. Rxb3 Bc2 45. Rb4 Kf7 46. Kf2 Kxf6 47. a5 Ke5 48. Rxb7 Kd5 49. Rg7 Kxc5 50. Rxg5+ Kb4 51. Rxh5 Bd3 52. Ke3 Bb5 53. Kd4 Kxa5 54. Kc5 Ka4 55. Rh4+ Ka3 56. Rh3+ Ka4 57. Rh4+ Kb3 58. Rh3+ Kc2 59. Ra3 Kb2 1/2-1/2

[Event "Las Palmas Insular-chT Pref"]
[Site "Las Palmas"]
[Date "2013.03.09"]
[Round "12.3"]
[White "Trujillo Alvarado, Ivan"]
[Black "Navarro Guerra del Rio, Cristian"]
[Result "1-0"]
[WhiteElo "2149"]
[BlackElo "1913"]
[PlyCount "47"]
[EventDate "2012.11.10"]
[EventType "team-tourn"]
[EventRounds "14"]
[EventCountry "ESP"]
[SourceTitle "EXT 2014"]
[Source "ChessBase"]
[SourceDate "2013.11.20"]
[SourceVersion "1"]
[SourceVersionDate "2013.11.20"]
[SourceQuality "1"]
[WhiteTeam "Real Club Victoria"]
[BlackTeam "Hispafrica"]
[WhiteTeamCountry "ESP"]
[BlackTeamCountry "ESP"]

1. d4 Nf6 2. Nf3 d5 3. g3 e6 4. Bg2 c5 5. 0-0 Nc6 6. dxc5 Bxc5 7. c4 0-0 8. cxd5 exd5 9. Bg5 h6 10. Bxf6 Qxf6 11. Qc2 Bd4 12. Nxd4 Nxd4 13. Qd2 Bf5 14. Nc3 Rfd8 15. Rad1 Nc6 16. Nxd5 Qe5 17. Qf4 Qxf4 18. Nxf4 Nb4 19. a3 Nc2 20. Nd5 Bd7 21. Rd2 Bc6 22. Rc1 Ba4 23. Be4 Rxd5 24. Bxd5 1-0

[Event "Las Palmas Insular-chT Pref"]
[Site "Las Palmas"]
[Date "2013.02.16"]
[Round "9.4"]
[White "Menvielle Laccourreye, Augusto"]
[Black "Navarro Guerra del Rio, Cristian"]
[Result "1-0"]
[WhiteElo "2150"]
[BlackElo "1913"]
[PlyCount "49"]
[EventDate "2012.11.10"]
[EventType "team-tourn"]
[EventRounds "14"]
[EventCountry "ESP"]
[SourceTitle "EXT 2014"]
[Source "ChessBase"]
[SourceDate "2013.11.20"]
[SourceVersion "1"]
[SourceVersionDate "2013.11.20"]
[SourceQuality "1"]
[WhiteTeam "Canarias de Las Palmas"]
[BlackTeam "Hispafrica"]
[WhiteTeamCountry "ESP"]
[BlackTeamCountry "ESP"]

1. e4 c5 2. Nf3 e6 3. Nc3 Nc6 4. d4 cxd4 5. Nxd4 a6 6. Be3 Bb4 7. Qd2 Nf6 8. f3 Qa5 9. Nb3 Qe5 10. Bf4 Bxc3 11. bxc3 Nxe4 12. fxe4 Qxe4+ 13. Be3 0-0 14. Bd3 Qh4+ 15. g3 Qd8 16. Bc5 Re8 17. Bd6 Ne7 18. 0-0-0 f5 19. g4 a5 20. gxf5 a4 21. Rhg1 exf5 22. Bc4+ Kh8 23. Rxg7 Ng8 24. Rxg8+ Rxg8 25. Be5+ 1-0

[Event "Las Palmas Insular-chT Primera-A"]
[Site "Las Palmas"]
[Date "2013.01.12"]
[Round "5.1"]
[White "Navarro Guerra del Rio, Cristian"]
[Black "Sarmiento Afonso, Santiago"]
[Result "1/2-1/2"]
[WhiteElo "1913"]
[BlackElo "2141"]
[PlyCount "76"]
[EventDate "2012.11.10"]
[EventType "team-tourn"]
[EventRounds "14"]
[EventCountry "ESP"]
[SourceTitle "EXT 2014"]
[Source "ChessBase"]
[SourceDate "2013.11.20"]
[SourceVersion "1"]
[SourceVersionDate "2013.11.20"]
[SourceQuality "1"]
[WhiteTeam "Hispafrica "]
[BlackTeam "Piscolabis Oleaje San Andres"]
[WhiteTeamCountry "ESP"]
[BlackTeamCountry "ESP"]

1. d4 d5 2. c4 dxc4 3. Nf3 Nf6 4. e3 e6 5. Bxc4 c5 6. 0-0 a6 7. a4 Nc6 8. Nc3 Be7 9. d5 exd5 10. Nxd5 Nxd5 11. Bxd5 0-0 12. Qb3 Qc7 13. Bd2 Bf6 14. Rac1 Ne7 15. Be4 Rb8 16. Qc2 g6 17. b4 b6 18. bxc5 bxc5 19. Bc3 Bxc3 20. Qxc3 Bd7 21. Ne5 Be6 22. Qxc5 Qxc5 23. Rxc5 Rb4 24. Nc6 Nxc6 25. Bxc6 Rc8 26. Rfc1 Bd7 27. Kf1 Rxc6 28. Rxc6 Bxc6 29. Rxc6 Rxa4 30. Ke2 Ra2+ 31. Kf3 Kg7 32. g4 g5 33. Kg3 a5 34. Ra6 a4 35. f4 h6 36. h4 gxh4+ 37. Kxh4 Re2 38. Rxa4 Rxe3 1/2-1/2

[Event "Las Palmas Insular-chT Primera-A"]
[Site "Las Palmas"]
[Date "2012.12.01"]
[Round "3.1"]
[White "Navarro Guerra del Rio, Cristian"]
[Black "Sanchez Quintero, Raul"]
[Result "0-1"]
[WhiteElo "1913"]
[BlackElo "2113"]
[PlyCount "100"]
[EventDate "2012.11.10"]
[EventType "team-tourn"]
[EventRounds "14"]
[EventCountry "ESP"]
[SourceTitle "EXT 2014"]
[Source "ChessBase"]
[SourceDate "2013.11.20"]
[SourceVersion "1"]
[SourceVersionDate "2013.11.20"]
[SourceQuality "1"]
[WhiteTeam "Hispafrica "]
[BlackTeam "Claudio Mendoza"]
[WhiteTeamCountry "ESP"]
[BlackTeamCountry "ESP"]

1. d4 Nf6 2. c4 c5 3. d5 b5 4. cxb5 a6 5. bxa6 Bxa6 6. Nc3 g6 7. f4 Bg7 8. Nf3 0-0 9. e4 Bxf1 10. Rxf1 d6 11. Kf2 Qb6 12. Kg1 Na6 13. Qe2 Rfb8 14. f5 Nb4 15. fxg6 hxg6 16. e5 dxe5 17. Nxe5 Qa6 18. Qf2 Nd3 19. Nxd3 Qxd3 20. Bg5 Qf5 21. Qxf5 gxf5 22. Rxf5 Rxb2 23. d6 Ng4 24. Ne4 exd6 25. Nf6+ Nxf6 26. Bxf6 Bxf6 27. Rxf6 Rd2 28. a4 c4 29. Rf2 Rd5 30. Kf1 Rda5 31. Rd2 d5 32. Ke1 Kf8 33. Rad1 Rd8 34. h4 Ke7 35. g4 Kd6 36. h5 Kc5 37. h6 d4 38. Rf2 Ra7 39. Rf5+ Kb4 40. Rb1+ Kc3 41. Kd1 Kd3 42. Rh5 c3 43. Rh3+ Kc4 44. h7 Rh8 45. Rb6 Rxa4 46. Rc6+ Kd5 47. Rc7 Ra1+ 48. Kc2 Ra2+ 49. Kc1 Re8 50. Kd1 Rd2+ 0-1

[Event "Las Palmas Insular-chT Primera-A"]
[Site "Las Palmas"]
[Date "2012.02.11"]
[Round "9.1"]
[White "Aguilera Suarez, Antonio"]
[Black "Navarro Guerra del Rio, Cristian"]
[Result "1-0"]
[WhiteElo "1818"]
[BlackElo "1830"]
[PlyCount "125"]
[EventDate "2011.11.12"]
[EventType "team-tourn"]
[EventRounds "14"]
[EventCountry "ESP"]
[SourceTitle "EXT 2013"]
[Source "ChessBase"]
[SourceDate "2012.11.22"]
[SourceVersion "1"]
[SourceVersionDate "2012.11.22"]
[SourceQuality "1"]
[WhiteTeam "Telde Los Llanos"]
[BlackTeam "Anand Iberia"]
[WhiteTeamCountry "ESP"]
[BlackTeamCountry "ESP"]

1. e4 c5 2. Nf3 d6 3. d4 cxd4 4. Qxd4 e5 5. Bb5+ Bd7 6. Bxd7+ Qxd7 7. Qd3 Nf6 8. 0-0 Be7 9. Nc3 0-0 10. Bg5 Nc6 11. Rad1 Ne8 12. Bxe7 Qxe7 13. Nd5 Qd7 14. c3 f5 15. exf5 Qxf5 16. Qxf5 Rxf5 17. Nd2 Rd8 18. Ne4 Rd7 19. Rd3 h6 20. Rfd1 Rdf7 21. f3 Na5 22. Ne3 Rf4 23. Nxd6 Nxd6 24. Rxd6 e4 25. R6d4 exf3 26. Rxf4 Rxf4 27. g3 Rf7 28. Kf2 Nc6 29. Rd5 g6 30. Ng4 Kg7 31. Ne5 Nxe5 32. Rxe5 g5 33. h3 Kg6 34. Re6+ Kg7 35. g4 Rd7 36. Kxf3 Rd3+ 37. Re3 Rd2 38. Re7+ Kf6 39. Rxb7 Rd3+ 40. Ke4 Rxh3 41. Rxa7 Rg3 42. Ra6+ Kg7 43. Kf5 Rf3+ 44. Ke5 Rf4 45. b4 Rxg4 46. b5 Rg1 47. b6 Re1+ 48. Kf5 Rf1+ 49. Kg4 Rb1 50. Ra7+ Kg6 51. b7 h5+ 52. Kg3 Kf5 53. c4 h4+ 54. Kf3 g4+ 55. Ke3 h3 56. Ra5+ Kg6 57. Rb5 Rxb5 58. cxb5 h2 59. b8Q h1Q 60. Qg8+ Kf5 61. Qf7+ Ke5 62. Qf4+ Kd5 63. Qd4+ 1-0

[Event "Las Palmas Insular-chT Primera-A"]
[Site "Las Palmas"]
[Date "2012.01.21"]
[Round "6.1"]
[White "Alonso Valiente, Alexis"]
[Black "Navarro Guerra del Rio, Cristian"]
[Result "1/2-1/2"]
[WhiteElo "2059"]
[BlackElo "1830"]
[PlyCount "178"]
[EventDate "2011.11.12"]
[EventType "team-tourn"]
[EventRounds "14"]
[EventCountry "ESP"]
[SourceTitle "EXT 2013"]
[Source "ChessBase"]
[SourceDate "2012.11.22"]
[SourceVersion "1"]
[SourceVersionDate "2012.11.22"]
[SourceQuality "1"]
[WhiteTeam "Claudio Mendoza"]
[BlackTeam "Anand Iberia"]
[WhiteTeamCountry "ESP"]
[BlackTeamCountry "ESP"]

1. d4 d5 2. Nf3 c6 3. c3 Bg4 4. Bf4 Nd7 5. Nbd2 Ngf6 6. e3 Nh5 7. Bg5 Qb6 8. Qc1 h6 9. Bh4 g5 10. Bg3 Nxg3 11. hxg3 Bg7 12. Bd3 e5 13. dxe5 Nxe5 14. Nxe5 Bxe5 15. Nf1 0-0-0 16. Qc2 Be6 17. 0-0-0 Kb8 18. Bf5 c5 19. Bxe6 Qxe6 20. Kb1 Rd6 21. Nd2 Rc8 22. Nf3 Bh8 23. Rhe1 Rb6 24. Re2 Qc6 25. Nd2 Qf6 26. Nb3 Rd6 27. Red2 Qd8 28. Qf5 c4 29. Rxd5 Rf6 30. Qe5+ Qc7 31. Qxc7+ Rxc7 32. Nc5 Rxf2 33. Nd7+ Ka8 34. Nc5 Kb8 35. Rd8+ Rc8 36. R1d7 Rf1+ 37. Kc2 Rf2+ 38. Kc1 Rf1+ 39. Kd2 Rf2+ 40. Kd1 Rxb2 41. Rxc8+ Kxc8 42. Rxf7 Bxc3 43. Ne4 Bb4 44. a4 c3 45. Rf2 Rxf2 46. Nxf2 Bf8 47. Kc2 Bg7 48. Ne4 Kc7 49. g4 Kc6 50. Ng3 Kc5 51. Nf5 Bf6 52. Nxh6 Kb4 53. a5 Kxa5 54. e4 Kb4 55. Nf7 a5 56. e5 Be7 57. Nd6 b5 58. Ne4 Kc4 59. Nxc3 b4 60. Na4 Kd5 61. Nb6+ Kxe5 62. Nc4+ Kf4 63. Nxa5 Kxg4 64. Nc6 Bd6 65. Nd4 Bc5 66. Ne2 Kf5 67. Kd3 Ke5 68. Kc4 Be7 69. Kd3 Kd5 70. Ng3 Kc5 71. Ne4+ Kb5 72. Nd2 Ka4 73. Kc4 Ka3 74. Nb3 Kb2 75. Nd4 Kc1 76. g3 Kb2 77. Nb3 Bd6 78. g4 Kc2 79. Nd4+ Kb2 80. Nb3 Be7 81. Na5 Kc2 82. Nc6 Bd6 83. Nd4+ Kb2 84. Nc6 Kc1 85. Nd4 Kd1 86. Kb3 Be7 87. Nf3 Ke2 88. Nxg5 Bxg5 89. Kxb4 Kf3 1/2-1/2